| 000 | 00683nam a22002057a 4500 | ||
|---|---|---|---|
| 999 |
_c20046 _d20046 |
||
| 003 | AR-CdUCM | ||
| 008 | 190524b ||||| |||| 00| 0 spa d | ||
| 040 |
_aMUNICIPALIDAD PROVINCIAL DEL CUSCO _cBIBLIOTECA MUNICIPAL DEL CUSCO |
||
| 082 |
_a759.85/ _bL29 |
||
| 100 |
_aLauer, Mirko _91114 |
||
| 245 | _aIntroducción a la pintura peruana del siglo XX / | ||
| 260 |
_aLima _bMosca azul editores _c1976 |
||
| 300 |
_a214 páginas ; _c21 cm. |
||
| 505 | _aContenido: Las fronteras exteriores -- Las fronteras interiores -- Las ciudades... | ||
| 650 |
_aPintura peruana _913847 |
||
| 650 |
_aIsmos _941938 |
||
| 650 |
_aPerú _935 |
||
| 942 |
_2ddc _cLIBROS |
||
| 945 |
_aAndy _d2019-05-24 |
||